Chemical reactor analysis and design (Record no. 78185)
[ view plain ]
| 000 -LEADER | |
|---|---|
| fixed length control field | 00667nam a2200157 a 4500 |
| 008 - FIXED-LENGTH DATA ELEMENTS--GENERAL INFORMATION | |
| fixed length control field | 120416s0000 ||||||||||||||||| || u |
| 020 ## - INTERNATIONAL STANDARD BOOK NUMBER | |
| International Standard Book Number | 0471521906 |
| 050 ## - LIBRARY OF CONGRESS CALL NUMBER | |
| Classification number | TP 157 Fro |
| 100 ## - MAIN ENTRY--PERSONAL NAME | |
| Personal name | Froment, Gilbert F |
| 245 10 - TITLE STATEMENT | |
| Title | Chemical reactor analysis and design |
| 250 ## - EDITION STATEMENT | |
| Edition statement | 2nd ed. |
| 260 ## - PUBLICATION, DISTRIBUTION, ETC. | |
| Place of publication, distribution, etc. | New York |
| Name of publisher, distributor, etc. | John Wiley and Sons |
| Date of publication, distribution, etc. | 1990 |
| 350 ## - | |
| -- | 0.00 |
| 995 ## - | |
| -- | BINDERY (DAMAGED) |
| -- | 0.00 |
| -- | 728664 |
| -- | CBU-MAIN LIBRARY (Kitwe) |
| -- | 1 |
| -- | 42.95 |
| -- | TP 157 Fro |
| -- | 1 |
| -- | DAMAGED |
| -- | 019094 |
| -- | Main Library Open Access Collection |
| 995 ## - | |
| -- | TEXTBOOKS (COMP.SCIENCE) |
| -- | 0.00 |
| -- | 3192 |
| -- | CBU-SCHOOL TEXTBOOK COLLECTIONS |
| -- | 1 |
| -- | 0.00 |
| -- | SCHOOL TEXTBOOK |
| -- | 2 |
| -- | AVAILABLE |
| -- | Jul 29, 2009 |
| -- | 3192 |
| -- | School Collections |
| 999 ## - | |
| -- | 78185 |
| -- | 78185 |
| Withdrawn status | Lost status | Source of classification or shelving scheme | Damaged status | Not for loan | Permanent Location | Current Location | Shelving location | Date acquired | Total Checkouts | Full call number | Barcode | Date last seen | Copy number | Price effective from | Koha item type |
|---|---|---|---|---|---|---|---|---|---|---|---|---|---|---|---|
| CBU-MAIN LIBRARY, KITWE. | CBU-MAIN LIBRARY, KITWE. | 05/03/2023 | TP 157 Fro | 019094 | 05/03/2023 | 1 | 05/03/2023 | MONOGRAPH | |||||||
| CBU-SCHOOL TEXT BOOK COLLECTION | CBU-SCHOOL TEXT BOOK COLLECTION | 05/03/2023 | SCHOOL TEXTBOOK | 3192 | 05/03/2023 | 2 | 05/03/2023 | MONOGRAPH |